[Event "Budapest FS02 IM"]
[Site "Budapest"]
[Date "2012.02.13"]
[Round "10"]
[White "Lengyel, Bela"]
[Black "Musson, Adam"]
[Result "1/2-1/2"]
[WhiteElo "2250"]
[BlackElo "1761"]
[PlyCount "103"]
[EventDate "2012.02.04"]
[EventType "tourn"]
[EventRounds "11"]
[EventCountry "HUN"]
[EventCategory "2"]
[SourceTitle "CBM 146 Extra"]
[Source "ChessBase"]
[SourceDate "2012.02.29"]
[SourceVersion "1"]
[SourceVersionDate "2012.02.29"]
[SourceQuality "1"]

1. e4 c5 2. Nf3 d6 3. d4 cxd4 4. Nxd4 Nf6 5. Nc3 a6 6. Be2 e6 7. 0-0 Be7 8. Kh1 0-0 9. f4 Qc7 10. Be3 b5 11. Bf3 Bb7 12. a3 Nbd7 13. Qe1 Nc5 14. Bg1 Rfe8 15. g4 Na4 16. g5 Nd7 17. Nxa4 bxa4 18. Qg3 Rab8 19. f5 e5 20. Ne2 f6 21. gxf6 Nxf6 22. Nc3 Ba8 23. Be3 Rxb2 24. Rg1 Bf8 25. Bg5 Qf7 26. Bxf6 Qxf6 27. Rad1 Rxc2 28. Nd5 Bxd5 29. Rxd5 Rc3 30. Qg2 Rec8 31. Rd2 Rxa3 32. Bd1 Qf7 33. Bg4 Qf6 34. Qf1 Rac3 35. Qxa6 Rc1 36. Rdd1 R1c2 37. Qxa4 Qh4 38. Qb3+ Kh8 39. Qg3 Qxg3 40. hxg3 R8c4 41. Bf3 Rf2 42. Rdf1 Rcc2 43. Rxf2 Rxf2 44. Bh5 d5 45. exd5 Rxf5 46. Be2 Bd6 47. Rf1 g6 48. g4 Rxf1+ 49. Bxf1 Kg7 50. Kg2 Kf6 51. Kf3 Kg5 52. Bd3 1/2-1/2

[Event "Budapest FS02 IM"]
[Site "Budapest"]
[Date "2012.02.12"]
[Round "9"]
[White "Musson, Adam"]
[Black "Lyell, Mark"]
[Result "0-1"]
[WhiteElo "1761"]
[BlackElo "2195"]
[PlyCount "110"]
[EventDate "2012.02.04"]
[EventType "tourn"]
[EventRounds "11"]
[EventCountry "HUN"]
[EventCategory "2"]
[SourceTitle "CBM 146 Extra"]
[Source "ChessBase"]
[SourceDate "2012.02.29"]
[SourceVersion "1"]
[SourceVersionDate "2012.02.29"]
[SourceQuality "1"]

1. d4 Nc6 2. c4 d5 3. Nc3 dxc4 4. Nf3 Nf6 5. Bg5 h6 6. Bh4 a6 7. d5 Na7 8. e4 Nb5 9. Bxc4 Nxc3 10. bxc3 Nxe4 11. Qd4 Nd6 12. Bb3 Nf5 13. Qe4 g6 14. Bf6 Bg7 15. Bxg7 Nxg7 16. 0-0 Qd6 17. Rfe1 Bd7 18. Ne5 Nf5 19. c4 c5 20. Nxd7 Qxd7 21. Rab1 0-0 22. Bc2 Rfd8 23. Rb6 Qc7 24. Rb3 Kg7 25. Bb1 Rd7 26. g4 Nd4 27. Rh3 Qd6 28. f4 Rh8 29. f5 g5 30. Bc2 b5 31. Bd3 b4 32. Bc2 Qf4 33. Ba4 Qxe4 34. Rxe4 Rc7 35. Rhe3 Kf6 36. Kg2 h5 37. Rh3 h4 38. Rhe3 Rb8 39. Kf2 Rcb7 40. Ke1 Rd8 41. Kf2 Rd6 42. Re5 Rdb6 43. Bb3 a5 44. R5e4 Nxb3 45. axb3 a4 46. bxa4 b3 47. Re1 Ra6 48. Ke3 Rxa4 49. Kd3 Ra2 50. h3 Rh2 51. R4e3 b2 52. Rb1 Rb3+ 53. Ke4 Rxe3+ 54. Kxe3 Rxh3+ 55. Kf2 Rb3 0-1